La calidad de la cerveza (Record no. 672373)
[ view plain ]
| 000 -CABECERA | |
|---|---|
| Campo de control de longitud fija | 00477nab a2200157Ia 4500 |
| 003 - IDENTIFICADOR DEL NÚMERO DE CONTROL | |
| Campo de control | ES-SlBCS |
| 005 - FECHA Y HORA DE LA ÚLTIMA TRANSACCIÓN | |
| Campo de control | 20210601142141.0 |
| 008 - CÓDIGOS DE INFORMACIÓN DE LONGITUD FIJA | |
| Campo de control de longitud fija | 140529s2000 xxu||||| |||| 00| 0 spa d |
| 041 ## - CÓDIGO DE LENGUA | |
| Código de lengua del texto/banda sonora o título independiente | spa |
| 100 1# - PUNTO DE ACCESO PRINCIPAL-NOMBRE DE PERSONA | |
| Nombre de persona | Sendra, José María |
| 9 (RLIN) | 265761 |
| 245 00 - MENCIÓN DE TÍTULO | |
| Título | La calidad de la cerveza |
| Mención de responsabilidad, etc. | José María Sendra, José V. Carbonell |
| 650 04 - PUNTO DE ACCESO ADICIONAL DE MATERIA-TÉRMINO DE MATERIA | |
| Término de materia o nombre geográfico como elemento inicial | Cerveza |
| 9 (RLIN) | 207564 |
| 700 1# - PUNTO DE ACCESO ADICIONAL-NOMBRE DE PERSONA | |
| Nombre de persona | Carbonell, José V. |
| 9 (RLIN) | 265608 |
| 773 0# - ENLACE AL DOCUMENTO FUENTE | |
| Título | Iberica |
| Parte(s) relacionada(s) | vol. 80, nº. 435, 2000, págs. 506-511 |
| Número de control del registro relacionado | Rev1238 |
| 942 ## - ENTRADA DE ELEMENTOS AGREGADOS (KOHA) | |
| Koha [por defecto] tipo de item | Artículos de revista |
| Suprimido | Perdido | Estropeado | No para préstamo | Localización permanente | Localización actual | Localización en estantería | Fecha adquisición | Préstamos totales | Fecha última consulta | Fecha del precio de reemplazo | Tipo de item de Koha |
|---|---|---|---|---|---|---|---|---|---|---|---|
| San Esteban | San Esteban | Depósito de revistas | 11/07/2014 | 11/07/2014 | 11/07/2014 | Artículos de revista |
